Makers of Indian Literature Joginder Poul/ (Record no. 192811)

MARC details
000 -LEADER
fixed length control field 00683nam a22002177a 4500
005 - DATE AND TIME OF LATEST TRANSACTION
control field 20221006112750.0
010 ## - LCCN (DPL NO)
LC control number B-745930
020 ## - INTERNATIONAL STANDARD BOOK NUMBER
International Standard Book Number 9788195021727
Terms of availability 50.00
035 ## - SYSTEM CONTROL NUMBER
System control number B-745930
037 ## - SOURCE OF ACQUISITION
Source of stock number/acquisition Sahitya Akademi
082 ## - DEWEY DECIMAL CLASSIFICATION NUMBER
Classification number 921
100 ## - MAIN ENTRY--PERSONAL NAME
Personal name Dutta, Chandana
245 ## - TITLE STATEMENT
Title Makers of Indian Literature Joginder Poul/
Statement of responsibility, etc Chandana Dutta
250 ## - EDITION STATEMENT
Edition statement 1st
260 ## - PUBLICATION, DISTRIBUTION, ETC. (IMPRINT)
Place of publication, distribution, etc New Delhi
Name of publisher, distributor, etc Sahitya Akademi
Date of publication, distribution, etc 2021
270 ## - ADDRESS
Address Rabindra Bhavan, 35, Ferozeshah Road,
City New Delhi
Postal code 110001
300 ## - PHYSICAL DESCRIPTION
Extent 105p.
Dimensions 22cm (pbk)
700 ## - ADDED ENTRY--PERSONAL NAME
Personal name Rabbani, Zahir Abu
942 ## - ADDED ENTRY ELEMENTS (KOHA)
Source of classification or shelving scheme Dewey Decimal Classification
Item type English Books
Call number suffix DUT
Classification part 921
Holdings
Withdrawn status Lost status Not for loan Collection code Home library Current library Date acquired Source of acquisition Cost, normal purchase price Full call number Barcode Copy number Cost, replacement price Koha item type Public note
      Non-fiction Kadipur Kadipur 06/10/2022 6.10.22/Gift 50.00 921 DUT B-745930 1 50.00 English Books Gift

© Delhi Public Library
Hit Counter
free hit counter